000
00338nam a22001457a 4500
008
221219b ||||| |||| 00| 0 eng d
020
_a
2901449641510
041
_a
eng
080
_2
SEVENTH EDITION
_a
61
082
_a
61CAR
100
_a
4
101
_a
MJEKS
245
_a
EMERGENCY CARE IN THE STREETS
_c
CAROLINE N
942
_2
udc
_c
BK
999
_c
59205
_d
59205